Normal view MARC view
  • Martínez Olivé, Alba

Entry Nombre Personal

Number of records used in: 12

001 - NUMERO DE CONTROL

  • campo de control: 29169

003 - IDENTIFICADOR DE NUMERO DE CONTROL

  • campo de control: DLC

005 - FECHA Y HORA DE LA ÜLTIMA TRANSACCIÓN

  • campo de control: 20230516123919.0

008 - DATOS DE LONGITUD FIJA

  • campo de control de longitud fija: 230516n| acannaabn |a aaa

010 ## - NÚMERO DE CONTROL DE LA BIBLIOTECA DEL CONGRESO

  • Número de control LC: n 90727142

035 ## - NUMERO DE CONTROL

  • Número de control: (OCoLC)oca02870402

040 ## - FUENTE DE CATALOGACIÓN

  • Agencia original de catalogación: DLC
  • Lenguaje de catalogación: spa
  • Agencia de transcripción: DLC
  • Agencia que lo modifica: OCoLC
  • Agencia que lo modifica: MX-MxUPN

100 1# - ENCABEZAMIENTO - NOMBRE PERSONAL

  • Nombre personal: Martínez Olivé, Alba

400 1# - VEÁSE - NOMBRE DE PERSONA

  • Personal name: Olivé, Alba Martínez

670 ## - FUENTE EN LA QUE SE LOCALIZARON DATOS

  • Cita de la fuente: Solís de Alba, A.A. Trabajadoras mexicanas, 1990:
  • Información localizada: portada (Alba Martínez Olivé)

902 ## - CATALOGADOR

  • Catalogador: NDAF/160523